| 000 | 00981naa a22002777a 4500 | ||
|---|---|---|---|
| 001 | BR6007418 | ||
| 003 | BR-BrBNA | ||
| 005 | 20240918172929.0 | ||
| 007 | ta | ||
| 008 | 230509b bl.||||| |||| 00| 0 por d | ||
| 040 |
_aBR-BrBNA _bpor _cBiblioteca Nacional de Agricultura |
||
| 041 | _a(Pt) | ||
| 072 |
_aF30 _b0120 |
||
| 090 | _aF30 BR6007418 | ||
| 100 | 1 | _aWinkler, E.I.G. | |
| 100 | 1 | _aPereira, L.R. | |
| 111 | 1 |
_a10. Reuniao Brasileira de Milho e Sorgo _cSete Lagoas, MG (Brazil) _d22 Jul 1974 |
|
| 245 | 1 | _aTolerancia a acidez do solo em linhagens de milho 2 | |
| 260 | 3 |
_aSete Lagoas, MG (Brasil): _c1974. |
|
| 500 | _aAnais da 10. Reuniao Brasileira de Milho e Sorgo Sete Lagoas, MG (Brasil): 1974. p. 333-339 (BR6007418-AM)F30 | ||
| 650 | _aMILHO | ||
| 650 | _aLINHAGEM | ||
| 773 | 0 |
_tAnais da 10. Reuniao Brasileira de Milho e Sorgo _wF30 BR6007418 _gSete Lagoas, MG (Brasil), 1974. p. 333-339 |
|
| 909 |
_a202404 _bLucia _c55 _dLucia Elande |
||
| 942 |
_cAM _2AGRIS |
||
| 999 |
_c302126 _d302126 |
||